Высказывания русских писателей XIX века В. Г. Белинского и М. Е. Салтыкова-Щедрина (Запись № 13469659)

Подробности
000 -МАРКЕР
контрольное поле 01826nam0a2200373 4500
001 - ИДЕНТИФИКАТОР ЗАПИСИ
контрольное поле RU\NLR\BIBL_A\022590453
005 - ИДЕНТИФИКАТОР ВЕРСИИ
контрольное поле 20251124190159.0
010 ## - МЕЖДУНАРОДНЫЙ СТАНДАРТНЫЙ НОМЕР КНИГИ (ISBN)
Номер (ISBN) 978-5-9613-0709-2
Тираж 45
021 ## - НОМЕР ГОСУДАРСТВЕННОЙ РЕГИСТРАЦИИ
Код страны Российская Федерация
Номер КН-П-25-031818
Номер Листа государственной регистраци КН-П-25-3148
035 ## - ДРУГИЕ СИСТЕМНЫЕ НОМЕРА
Идентификатор записи (NLR Aleph) 022590453
100 ## - ДАННЫЕ ОБЩЕЙ ОБРАБОТКИ
Данные общей обработки 20250724d2021 u y0rusy50 ca
101 0# - ЯЗЫК РЕСУРСА
Язык текста, звукозаписи и т.д. русский
102 ## - СТРАНА ПУБЛИКАЦИИ ИЛИ ПРОИЗВОДСТВА
Страна публикации Российская Федерация
105 ## - ПОЛЕ КОДИРОВАННЫХ ДАННЫХ: ТЕКСТОВЫЕ МАТЕРИАЛЫ, МОНОГРАФИЧЕСКИЕ
Кодированные данные о монографическом текстовом документе c z 000yd
181 #0 - ПОЛЕ КОДИРОВАННЫХ ДАННЫХ: ВИД СОДЕРЖАНИЯ
Код вида содержания (ISBD) i3
Код характеристики содержания (ISBD) axxe
182 #0 - ПОЛЕ КОДИРОВАННЫХ ДАННЫХ: ТИП СРЕДСТВА
Код типа средства (ISBD) n - непосредственное
200 1# - ЗАГЛАВИЕ И СВЕДЕНИЯ ОБ ОТВЕТСТВЕННОСТИ
Основное заглавие Высказывания русских писателей XIX века В. Г. Белинского и М. Е. Салтыкова-Щедрина
Первые сведения об ответственности К. А. Киселёв
203 ## - ВИД СОДЕРЖАНИЯ И ТИП СРЕДСТВА
Вид содержания Текст
Дополнительные сведения об издании визуальный
Тип средства непосредственный
210 ## - ПУБЛИКАЦИЯ, РАСПРОСТРАНЕНИЕ И ДР.
Место издания, распространения и т.д. Уфа
Имя издателя, распространителя и т. д. Мир печати
Дата издания, распространения и т.д. 2021
215 ## - ФИЗИЧЕСКАЯ ХАРАКТЕРИСТИКА
Специфическое обозначение материала и объем 458, [1] с.
Другие сведения о физической характеристике портр.
Размеры 21
600 #1 - ИМЯ ЛИЦА КАК ПРЕДМЕТ
Начальный элемент ввода Белинский
Часть имени, кроме начального элемента ввода В. Г.
Расширение инициалов личного имени Виссарион Григорьевич
Даты 1811 - 1848
Тематический подзаголовок Цитаты
Код системы nlr_sh2
Идентификатор авторитетной/нормативной записи RU\NLR\AUTH\6601763008
600 #1 - ИМЯ ЛИЦА КАК ПРЕДМЕТ
Начальный элемент ввода Салтыков-Щедрин
Часть имени, кроме начального элемента ввода М. Е.
Расширение инициалов личного имени Михаил Евграфович
Даты 1826 - 1889
Тематический подзаголовок Цитаты
Код системы nlr_sh2
Идентификатор авторитетной/нормативной записи RU\NLR\AUTH\6601579830
686 2# - ИНДЕКСЫ ДРУГИХ КЛАССИФИКАЦИЙ
Индекс Ш4г(2)19дБелинский.я48
686 2# - ИНДЕКСЫ ДРУГИХ КЛАССИФИКАЦИЙ
Индекс Ш5(2=Р)52-4Салтыков-Щедрин.я48
700 #1 - ИМЯ ЛИЦА - ПЕРВИЧНАЯ ОТВЕТСТВЕННОСТЬ
Начальный элемент ввода Киселёв
Часть имени, кроме начального элемента ввода К. А.
Даты 1915-1986
Расширение инициалов личного имени Константин Андреевич
702 #1 - ИМЯ ЛИЦА - ВТОРИЧНАЯ ОТВЕТСТВЕННОСТЬ
Начальный элемент ввода Белинский
Часть имени, кроме начального элемента ввода В. Г.
Даты 1811-1848
Расширение инициалов личного имени Виссарион Григорьевич
Идентификатор авторитетной/нормативной записи RU\NLR\AUTH\7716241
Код отношения Объект посвящения
702 #1 - ИМЯ ЛИЦА - ВТОРИЧНАЯ ОТВЕТСТВЕННОСТЬ
Начальный элемент ввода Салтыков-Щедрин
Часть имени, кроме начального элемента ввода М. Е.
Даты 1826-1889
Расширение инициалов личного имени Михаил Евграфович
Идентификатор авторитетной/нормативной записи RU\NLR\AUTH\774332
Код отношения Объект посвящения
942 ## - ДОПОЛНИТЕЛЬНЫЕ ЭЛЕМЕНТЫ ЗАПИСИ (АБИС)
Тип экземпляра АБИС Книга
980 ## - КОЛЛЕКЦИЯ
Название коллекции Национальная библиография

Нет доступных экземпляров.